000 00697nam a2200229 a 4500
001 BRCA_5229
005 20190320205008.0
008 690701s1969####uk-a#####b---#001-0#eng-#
041 _aeng
044 _aUk
050 4 _aNK7906
_b.S28 1969
100 1 _aSavage, George
_910876
245 1 0 _aA Concise History of Bronzes
_cGeorge Savage.
260 _aGran Bretaña
_bFrederick A. Praeger
_c1969
300 _a264 p
_bil. (algunas a color)
_c22 cm.
500 _aIncluye lista de ilustraciones e índice alfabético
500 _aDonación Dr. Héctor Rivero Borrell Vázquez
504 _aBibliografía: p. 250-252
650 1 4 _aBronces
_xHistoria
_913391
902 _aDHR
942 _2lcc
_cB
999 _c4923
_d4923